MARC

LEADER 00000nam0a2200000 4500
001 364385
005 20231102011701.0
035 |a (RuTPU)RU\TPU\retro\21743 
090 |a 364385 
100 |a 20211115d1981 k y0rusy50 ca 
101 0 |a rus 
102 |a RU 
105 |a a z 000zy 
200 1 |a Проблемы эффективности инвестиционного процесса  |e сборник научных трудов  |f Научно-исследовательский институт экономики строительства ; под отв.. И. А. Титова 
210 |a Москва  |c [Б. и.]  |d 1981 
215 |a 155 с.  |c табл. 
606 1 |a Строительство  |x Экономика  |2 stltpush  |3 (RuTPU)RU\TPU\subj\57893  |9 75742 
610 1 |a инвестиции 
610 1 |a инвестиционная безопасность 
610 1 |a инвестиционный процесс 
610 1 |a экономическая эффективность 
610 1 |a строительная продукция 
610 1 |a расчеты 
610 1 |a автоматизированные системы 
610 1 |a проектирование 
610 1 |a капитальные вложения 
610 1 |a нормирование 
675 |a 69.003  |v 4 
702 1 |a Титова  |b И. А.  |4 340 
712 0 2 |a Научно-исследовательский институт экономики строительства  |2 stltpush  |3 (RuTPU)RU\TPU\col\9543  |9 24708 
801 1 |a RU  |b 63413507  |c 20211115 
942 |c BK